[Event "San Sebastian op 33rd"]
[Site "San Sebastian"]
[Date "2010.03.30"]
[Round "3"]
[White "Delgado Canton, Manuel"]
[Black "Tung, Kai Ming"]
[Result "0-1"]
[WhiteElo "1620"]
[BlackElo "1957"]
[PlyCount "70"]
[EventDate "2010.03.28"]
[EventType "swiss"]
[EventRounds "9"]
[EventCountry "ESP"]
[SourceTitle "CBM 135 Extra"]
[Source "ChessBase"]
[SourceDate "2010.05.04"]
[SourceVersion "1"]
[SourceVersionDate "2010.05.04"]
[SourceQuality "1"]

1. e4 e6 2. d4 d5 3. exd5 Qxd5 4. Nf3 Nf6 5. Nc3 Bb4 6. Bd2 Bxc3 7. Bxc3 Nc6 8. b3 Qe4+ 9. Be2 Nd5 10. Bb2 Ncb4 11. 0-0 Qxc2 12. Qxc2 Nxc2 13. Rac1 Ncb4 14. a3 Nc6 15. Bb5 Bd7 16. a4 f6 17. Rfe1 Kf7 18. Bc4 Rhe8 19. Ba3 a6 20. Bb2 Nce7 21. Nd2 Rad8 22. Kf1 Rb8 23. Re4 b5 24. axb5 Bxb5 25. Bxb5 Rxb5 26. Rc5 Reb8 27. Ba3 Nf5 28. Rc6 R5b6 29. Rc2 Nd6 30. Re2 R8b7 31. Rc6 Nb4 32. Rc3 g5 33. Rce3 Nc2 34. Bxd6 Nxe3+ 35. fxe3 cxd6 0-1

[Event "San Sebastian op 33rd"]
[Site "San Sebastian"]
[Date "2010.03.28"]
[Round "1"]
[White "Delgado Canton, Manuel"]
[Black "Lakunza Plazaola, Asier"]
[Result "0-1"]
[WhiteElo "1620"]
[BlackElo "2093"]
[PlyCount "56"]
[EventDate "2010.03.28"]
[EventType "swiss"]
[EventRounds "9"]
[EventCountry "ESP"]
[SourceTitle "CBM 135 Extra"]
[Source "ChessBase"]
[SourceDate "2010.05.04"]
[SourceVersion "1"]
[SourceVersionDate "2010.05.04"]
[SourceQuality "1"]

1. e4 c5 2. Nf3 d6 3. d4 cxd4 4. Nxd4 Nf6 5. Nc3 a6 6. Bc4 e6 7. 0-0 b5 8. Bb3 Be7 9. a3 Qc7 10. Bg5 Nc6 11. Re1 Nxd4 12. Qxd4 0-0 13. Rad1 Rd8 14. Rd3 Bb7 15. Rg3 Ne8 16. Bxe7 Qxe7 17. Ne2 Nf6 18. Nc3 Rac8 19. Qe3 Rc5 20. Qh6 Nh5 21. Rg4 Kh8 22. Qe3 a5 23. Qh3 Nf6 24. Rh4 h6 25. Qd3 Nd5 26. Rh5 Nf4 27. Rxh6+ gxh6 28. Qd4+ Kh7 0-1